Návrh opatrení na zlepšenie imidžu značiek automobilov ako významného faktoru spotrebiteľského správania

Salvato in:
Dettagli Bibliografici
Autore principale: Holíček, Patrik (Autore)
Altri autori: Babčanová, Dagmar (Relatore della tesi)
Natura: Manoscritto Libro
Lingua:slovacco
Pubblicazione: 2025
Soggetti:
Accesso online:http://is.stuba.sk/zp/portal_zp.pl?podrobnosti=180798
Tags: Aggiungi Tag
Nessun Tag, puoi essere il primo ad aggiungerne!!

MARC

LEADER 00000ntm a22000003a 4500
001 stuzp104961
003 SK-STU
005 20250628212201.8
007 ta
008 150427s2015----xo-----f-mn---000-0-slo-d
040 |a STU  |b slo 
041 0 |a slo 
100 1 |a Holíček, Patrik  |u 064000  |4 aut  |U MTF Materiálovotechnologická fakulta  |T MTF Ústav priemyselného inžinierstva a manažmentu  |X 121795  |U M4000  |Y 84  |7 121795 
242 0 1 |a Proposal of measures to improve the image of car brands as a significant factor in consumer behavior  |y eng 
245 1 0 |a Návrh opatrení na zlepšenie imidžu značiek automobilov ako významného faktoru spotrebiteľského správania 
260 |c 2025 
650 4 |a imidž značky  |2 slo 
650 4 |a produkt  |2 slo 
650 4 |a spotrebiteľské správanie  |2 slo 
650 4 |a faktory spotrebiteľského správania  |2 slo 
650 4 |a brand image  |2 eng 
650 4 |a consumer behavior factors  |2 eng 
650 4 |a product  |2 eng 
650 4 |a consumer behavior  |2 eng 
700 1 |a Babčanová, Dagmar  |u 064000  |k Z1  |4 ths  |U MTF Materiálovotechnologická fakulta  |T MTF Ústav priemyselného inžinierstva a manažmentu  |X 2819  |U M4000  |Y 84  |7 A000002819 
856 4 |u http://is.stuba.sk/zp/portal_zp.pl?podrobnosti=180798 
996 |c M* BP-9928  |l MMSKP  |s P  |a 0  |w stuzp104961_0001